Largest Cities in the Five Largest Countries - Statistics

General Stats
  • This quiz has been taken 111 times
    107 since last reset
  • The average score is 21 of 25
Answer Stats
Population Answer % Correct
United States 4 mil Los Angeles
100%
China 17 mil Beijing
99%
Russia 12 mil Moscow
99%
United States 8 mil New York
99%
Russia 5 mil St Petersburg
99%
United States 3 mil Chicago
98%
Canada 2 mil Montreal
98%
Canada 3 mil Toronto
98%
China 27 mil Shanghai
96%
China 13 mil Guangzhou
95%
Canada 1 mil Ottawa
95%
Brazil 7 mil Rio de Janeiro
95%
Brazil 12 mil São Paulo
94%
United States 2 mil Houston
93%
Brazil 3 mil Brasília
89%
Canada 1 mil Calgary
84%
Canada 1 mil Edmonton
84%
United States 2 mil Phoenix
71%
China 14 mil Tianjin
71%
Brazil 3 mil Fortaleza
70%
Russia 1 mil Yekaterinburg
63%
Russia 1 mil Nizhny Novgorod
60%
Russia 2 mil Novosibirsk
58%
Brazil 3 mil Salvador
58%
China 16 mil Chongqing
53%
No matching quizzes found
Score Distribution
Percent of People with Each Score
Percentile by Number Answered
Your Score History
You have not taken this quiz since the last reset